Quelques problèmes des luttes d'indépendance de Transylvanie contre les Habsbourg et de leur idéologie

Elmentve itt :
Bibliográfiai részletek
Szerző: Wittman Tibor
Dokumentumtípus: Cikk
Megjelent: 1962
Sorozat:Acta Universitatis Szegediensis : acta historica 10
Kulcsszavak:Erdély története - 17-19. sz.
Tárgyszavak:
Online Access:http://acta.bibl.u-szeged.hu/2585
LEADER 00804nab a2200217 i 4500
001 acta2585
005 20260217104704.0
008 161015s1962 hu o 000 fre d
022 |a 0324-6965 
040 |a SZTE Egyetemi Kiadványok Repozitórium  |b hun 
041 |a fre 
041 |a rus 
100 1 |a Wittman Tibor 
245 1 0 |a Quelques problèmes des luttes d'indépendance de Transylvanie contre les Habsbourg et de leur idéologie  |h [elektronikus dokumentum] /  |c  Wittman Tibor 
260 |c 1962 
300 |a 9-18 
490 0 |a Acta Universitatis Szegediensis : acta historica  |v 10 
650 4 |a Bölcsészettudományok 
650 4 |a Történettudomány és régészet 
695 |a Erdély története - 17-19. sz. 
856 4 0 |u http://acta.bibl.u-szeged.hu/2585/1/historica_010_009-018.pdf  |z Dokumentum-elérés